000 00791cab a2200253 4500
001 WB3113-55
008 090401t1995 xxu||||| |||| 00| 0 eng d
035 _a(Sirsi) u41241
041 _aeng
245 _aService areas
260 _c1995
350 _a0
490 _aFinancial Times
_v31 March 1995, 12(1)
520 _a30 motorway service areas, estimated value £20m, are offered for sale by the Highways Agency in an attempt to improve existing services.
650 _aHIGHWAYS AGENCY
650 _aMOTORWAY SERVICE AREAS
650 _aMOTORWAYS
650 _aPROPERTY-INFRASTRUCTURE-TRANSPORT INFRASTRUCTURE-ROAD INFRASTRUCTURE
650 _aSERVICE STATIONS
650 _aTRUNK ROADS
690 _aTRANSPORT AND COMMUNICATIONS
942 _n0
948 _c04/03/1997
999 _c26499
_d26499